Sikerült mulatság
Správa kladne hodnotí spoločenskú zábavu zo dňa 2.02.1914, ktorej organizátorom bol Humenský katolícky čítací spolok. Patronát nad celou akciou mala pani Tamásné [?] Malonyay.
| Médium: | Článok |
|---|---|
| Jazyk: | Hungarian |
| Témy: | |
| Zdroj: |
1. Homonna és Vidéke : Hetilap 1. Roč. 14, č. 6 (08.02.1914) s. 2 |
| LEADER | 00981nab#a2200313#ar4500 | ||
|---|---|---|---|
| 001 | 000072299 | ||
| 003 | SVKKK | ||
| 005 | 20020610xxxxxxx. | ||
| 008 | 06 c xo huno | ||
| FMT | |||
| 038 | |a SVKKK | ||
| 040 | |a SVKKK |b slo |e AACR2 | ||
| 041 | 0 | |a hun | |
| 044 | |a xo |c SK | ||
| 080 | |a 282 | ||
| 080 | |a 793 | ||
| 242 | 1 | 0 | |a Vydarená zábava |
| 245 | 0 | 0 | |a Sikerült mulatság |
| 500 | |a mikrofilm | ||
| 520 | 2 | |a Správa kladne hodnotí spoločenskú zábavu zo dňa 2.02.1914, ktorej organizátorom bol Humenský katolícky čítací spolok. Patronát nad celou akciou mala pani Tamásné [?] Malonyay. | |
| 650 | 0 | 4 | |a zábava fašiangová - Humenský katolícky čítací spolok (organizátor) - Humenné - 2.02.1914 - hodnotenie kladné - správy |
| 773 | 0 | |t Homonna és Vidéke : Hetilap |g Roč. 14, č. 6 (08.02.1914) s. 2 | |
| 957 | |a Humenné | ||
| 958 | |a DG | ||
| 958 | |a SK | ||
| 974 | |a Ba |d 20020610 | ||
| 992 | |a RBX | ||
| BAS | |||
| 998 | |a RETRO | ||